000 00506nam a22002177a 4500
003 UA-OsUOA
001 52953
007 ta
008 20080311b un ||||| |||| 00| 0 ukr d
100 _aПодільська С.
090 _a32
_bП-44
942 _cSA
040 _aUA-OsUOA
_bukr
_cUA-OsUOA
_dUA-OsUOA
245 _aХто ж буде наступним мером?
300 _aС.1,3
955 _a0
041 _aukr
080 _a32
773 0 _w52952
650 7 _a32 Політика
_2UDC
999 _c339028
_d339028